000
00245nam a2200097Ia 4500
001
997612
005
20250826221527.0
008
250824s9999 xx 000 0 und d
245
0
_a
NEDEN EVREN
_c
KWANGWONG LEE
260
_b
HEP KİTAP ÇOCUK YAYINLARI
999
_c
997612
_d
997612